000 01203nam a22002537a 4500
005 20170124103133.0
010 _aB-246001
020 _c150.00
_a8190218808
035 _aB-246001
037 _bCen Lib/Ret
040 _aDPL
_bHN
082 _a363.7
_bत्रिपाठी
100 _aत्रिपाठी, मधुसूदन
_940
245 _aपर्यावरण और प्रदूषण /
_cमधुसूदन त्रिपाठी
246 _aParyavaran aur pradushan /
_bby Madhusudan Tripathi
260 _bएक्सप्रेस बुक सर्विस
_aदिल्ली
_c2008
270 _bदिल्ली
_e110054
_a32, भार्गव लेन, नित्यानंद मार्ग, सिविल लाइन
300 _a136पृ. :
_c20सेमी(सजिल्द)
_bसचित्र
650 _aप्रदूषण -- क्या और कैसे?
_984681
650 _aपर्यावरणीय शिक्षा
_91670
650 _aPollution - what and how?
_984682
650 _aEnvironmental education
_913681
942 _2ddc
_cHN
_h363.7
_mत्रिपाठी
999 _c119395
_d119395